Culture générale - Géographie - Série 7 - Statistiques

Statistiques générales
  • Ce quiz a été pris 312 fois
  • Le résultat moyen est 5 sur 10
Statistiques - réponses
Question Réponse % Correct
Quelle forêt allemande a donné son nom à une pâtisserie ? La forêt noire
89%
Quel archipel équatorien est connu pour abriter les plus grosses tortues du monde ? Les îles Galapagos
82%
Quelle religion est pratiquée en Irlande du Nord contrairement au reste de l’île ? Le protestantisme
68%
Quel grand navigateur européen a laissé son nom à un détroit situé dans le sud de l’Argentine et du Chili ? Magellan
64%
Quelle monnaie ayant cours dans 14 états africains est issue de l’ancienne colonisation française ? Le franc CFA
60%
Comment nomme-t-on le paysage désertique et peu boisé des grandes étendues d’Asie Centrale et de Sibérie ? La steppe
45%
Quelle grande cité est connue pour avoir été la capitale de l’empire Khmer ? Angkor
33%
Avec l’Ouzbékistan, quel est l’unique autre pays au monde doublement enclavé (entouré de pays eux-mêmes sans accès à la mer) ? Le Liechtenstein
31%
Dans quelle ville dois-je me rendre pour observer le château en photo ? Bratislava
8%
Quelle rivière de l’Illinois est colorée chaque année en vert pour la saint Patrick ? La rivière Chicago
6%
Aucun quiz correspondant
Distribution des résultats
% des personnes avec chaque résultat
Percentile par nombre de réponses
Votre historique - résultats
Vous n’avez pas pris ce quiz